000 00461nam a2200157Ia 4500
008 210716s2011 xx 000 0 und d
020 _a9788125910107
041 _aeng
082 _a658.404 MACH
100 _aMachiraju, H R.
245 _aIntroduction to project finance: analytical perspective.
_bAnalytical perspective.
250 _a1
260 _aNew Delhi
_bVikas Publishing House Pvt Ltd
_c2011
300 _avii,218
650 _aProject Management
999 _c206954
_d206954